000 00496nam a2200181Ia 4500
008 240925s9999 xx 000 0 und d
020 _a8176567078
082 _a005.73 KAN
100 _aKanetkar, Yashavant
245 0 _aData Structures Through C++
250 _aNA
260 _aNew Delhi:
_bBPB Publication
_c,2003.
300 _axxi,568p.
_bNA
_fOriginal
500 _aIncludes Index
600 _aComputer Science
650 _aComputer science, information & general works
942 _cBK
999 _c7526
_d7526